000
00338 a2200157 4500
001
169095
020
_a
040
_c
Magnum
100
_a
Gohn, Maria da Gloria
240
1
0
_a
Movimentos sociais e educacao
_l
por
245
1
0
_a
Movimentos sociais e educacao
362
0
_a
1899
440
1
_a
Cortez
697
_a
ENSINO
942
_c
BK
999
_c
169095
_d
169095